| 000 | 00839nam a2200265Ia 4500 | ||
|---|---|---|---|
| 005 | 20220316235458.0 | ||
| 008 | 121119s1999 mx gr 000 0 spa | ||
| 020 | _a9684268386 | ||
| 041 | 0 | _aspa | |
| 082 | 0 | 4 |
_a155.935 _bC63SA |
| 100 | 1 | _aCohen, Raquel E. | |
| 245 | 1 | 0 |
_aSalud mental para víctimas de desastres _bguía para instructores _cRaquel E. Cohen |
| 250 | _aPrimera edición | ||
| 300 |
_a148 páginas _c23 cm |
||
| 650 | 1 | 4 |
_aVictimas _xAspectos psicológicos _2LEMB |
| 650 | 1 | 4 |
_aDesastres naturales _2LEMB |
| 650 | 1 | 4 |
_aPsicología aplicada _2LEMB |
| 650 | 1 | 4 |
_aSalud mental _2LEMB |
| 942 |
_2ddc _cBK |
||
| 264 |
_aMéxico _bEl Manual Moderno _c1999 |
||
| 336 |
_atexto _btxt _2rdacontent |
||
| 337 |
_asin mediación _bn _2rdamedia |
||
| 338 |
_avolumen _bnc _2rdacarrier |
||
| 040 |
_aCO-BoRNBP _bspa _erda _cCO-BoRNBP |
||
| 999 |
_c1082 _d1082 |
||